00568 2200205 4500001002100000005001500021008004100036020001800077035001900095041000800114082001200122084001800134100001300152245005300165260004400218300003700262500001900299504001700318650002700335INLIS00000000000585320200508203319200508||||||||| | ||| |||| ||eng|| a967 65 3095 6 0010-0520005853 aeng0 a342.595 a342.595/H.P/C0 aH.P. Lee00aContitutional Conflicts In Contemporary Malaysia aNew YorkbOxford University Pressc1995 aXXIV, 155 hlm.; 22,5 cmc22,5 cm aIndeks : Index aBibliography 0a1. Konstitusi Malaysia